书目信息 |
| 题名: |
明天照常,小山!
|
|
| 作者: | 曼 著 ;宁宵宵 译 | |
| 分册: | ||
| 出版信息: | 北京 北京联合出版公司 2020 |
|
| 页数: | 184页 | |
| 开本: | 19cm | |
| 丛书名: | 湖岸·生生之美 | |
| 单 册: | ||
| 中图分类: | I516.65 | |
| 科图分类: | ||
| 主题词: | 散文集--德国--现代 | |
| 电子资源: | ||
| ISBN: | 978-7-5596-3793-2 | |
| 000 | 01573nam2 2200277 450 | |
| 001 | 2369511688 | |
| 005 | 20231219191859.23 | |
| 010 | @a978-7-5596-3793-2@dCNY 42.00 | |
| 100 | @a20200911d2020 em y0chiy50 ea | |
| 101 | 0 | @achi |
| 102 | @aCN@b110000 | |
| 105 | @aa z 000cy | |
| 200 | 1 | @a明天照常,小山!@Aming tian zhao chang, xiao shan!@e托马斯·曼和小狗的山间时光@e插图版@f(德)托马斯·曼著@g宁宵宵译 |
| 210 | @a北京@c北京联合出版公司@d2020 | |
| 215 | @a184页@c图@d19cm | |
| 225 | 2 | @a湖岸·生生之美 |
| 314 | @a托马斯·曼(1875-1955),德国作家、社会评论家,1929年获得诺贝尔文学奖,代表作有《布登勃洛克一家》(1901)、《陛下》(1909)、《魂断威尼斯》(1912)、《魔山》(1924)、《浮士德博士》(1947)等。他也是一位终身的爱狗者和养狗者。 | |
| 330 | @a这是一本散文集。德国著名作家托马斯·曼长篇巨著之外的精致小品。一只名叫小山的小土狗如何成为托马斯·曼珍惜的伴侣?短毛猎犬小山是托马斯·曼从附近农场“捡”回来的。从初见的失望到渐渐产生浓厚的感情,作者详细描述了自己与这只忠诚、灵敏、充满活力的动物之间的点点滴滴:领它散步、陪它捕猎、带它看病,邂逅其他的动物和人......小山带来欢乐亦制造麻烦,谈起自己的爱犬,文学大师也变得喋喋不休,浮想联翩,本书既有精细笔法描摹德国乡间景致,也流露出对人与其他生命之间关系的体察。 | |
| 410 | 0 | @12001 @a湖岸·生生之美 |
| 517 | 1 | @a托马斯·曼和小狗的山间时光@Atuo ma si· man he xiao gou de shan jian shi guang |
| 606 | 0 | @a散文集@y德国@z现代 |
| 690 | @aI516.65@v5 | |
| 701 | 1 | @c(德)@a曼@Aman@b托马斯@f(1875-1955)@4著 |
| 702 | 0 | @a宁宵宵@Aning xiao xiao@4译 |
| 801 | 0 | @aCN@b大连网信软件有限公司图书馆·11@c20231219 |
| 905 | @aBZT@dI516.65@e16 | |
| 明天照常,小山!:托马斯·曼和小狗的山间时光:插图版/(德)托马斯·曼著/宁宵宵译.-北京:北京联合出版公司,2020 |
| 184页:图;19cm.-(湖岸·生生之美) |
| ISBN 978-7-5596-3793-2:CNY 42.00 |
| 这是一本散文集。德国著名作家托马斯·曼长篇巨著之外的精致小品。一只名叫小山的小土狗如何成为托马斯·曼珍惜的伴侣?短毛猎犬小山是托马斯·曼从附近农场“捡”回来的。从初见的失望到渐渐产生浓厚的感情,作者详细描述了自己与这只忠诚、灵敏、充满活力的动物之间的点点滴滴:领它散步、陪它捕猎、带它看病,邂逅其他的动物和人......小山带来欢乐亦制造麻烦,谈起自己的爱犬,文学大师也变得喋喋不休,浮想联翩,本书既有精细笔法描摹德国乡间景致,也流露出对人与其他生命之间关系的体察。 |
| ● |
| 相关链接 |
|
|
|
正题名:明天照常,小山!
索取号:I516.65/16
 
预约/预借
| 序号 | 登录号 | 条形码 | 馆藏地/架位号 | 状态 | 备注 |
| 1 | 2001650646 | 2001650646 | 516书库/ [索取号:I516.65/16] | 在馆 | |
| 2 | 2001650647 | 2001650647 | 516书库/ [索取号:I516.65/16] | 在馆 | |
| 3 | 2001650648 | 2001650648 | 516书库/ [索取号:I516.65/16] | 在馆 | |
| 4 | 2001650649 | 2001650649 | 516书库/ [索取号:I516.65/16] | 在馆 | |
| 5 | 2001650650 | 2001650650 | 516书库/ [索取号:I516.65/16] | 在馆 | |
| 6 | 2001650651 | 2001650651 | 516书库/ [索取号:I516.65/16] | 在馆 |